000 00401cam a2200157ua 4500
020 _a9780070657069
082 _a628.114
_bMIC/WA
100 _aMichael A.M.
_9114
100 _aKhepar S.D .
_91415
100 _aSondhi S.K .
_91416
245 _aWater Wells and Pumps /
250 _a2 /
260 _aNew Delhi :
_bTata Mc-Graw Hill Publishing Company ,
_c2008.
300 _a695
942 _cBK
999 _c13422
_d13422